01436nab a22002537a 4500999001500000003000400015005001700019008004100036040000700077100002700084245011300111260004200224300001300266500003700279505052300316505008900839650002600928650002900954650002300983650001801006700002501024773012001049942001301169 c6471d6471OSt20260210091719.0190506c xxu||||| |||| 00| 0 spa d cPJ 97089aPeliza, Eleonora10aViolencia y acoso laboral. Situación actual en la República Argentina /cEleonora Peliza, Carolina Hita. aBuenos Aires :bAbeledoPerrot,c2025. ap. 26-37 aCita: TR LALEY AR/DOC/234/2025.  aSumario: I. Introducción.— II. Adopción del Convenio Nro. 190 y su recomendación por la República Argentina.— III. Análisis actual de la violencia laboral en Argentina. Sectores vulnerables.— IV. La particular situación de la comunidad LGTBI+.— V. Políticas públicas y privadas para la erradicación de la violencia y el acoso. El rol del servicio de justicia.— VI. La sanción de la ley 27.742 (Ley Bases) y el Convenio 190.— VII. Recomendaciones y conclusiones.— VIII. Bibliografía. t¿Te interesa el texto completo? Comunicate al correo: koha@justierradelfuego.gov.ar 091316aDERECHO LABORAL 09289aCONTRATO DE TRABAJO 0aACOSO SEXUAL95731 0aMOBBING91578 97090aHita, Carolina0 0275193202dBuenos Aires : AbeledoPerrot, 2013-tRevista de derecho laboral y seguridad social. Nº 6 - Marzo 2025 2udccANA